AZ Alkmaar opponents in Europe - Statistics

General Stats
  • This quiz has been taken 23 times
    2 since last reset
  • The average score is 20 of 113
Answer Stats
Nation Answer Year % Correct
Norway Bodo Glimt 21/22
100%
Spain FC Barcelona 77/78
100%
Liechtenstein FC Vaduz 22/2325/26
100%
Italy Internationale 82/83
100%
Sweden Malmö FF 11/12
100%
England Manchester United 19/20
100%
Italy Napoli 20/21
100%
England Arsenal FC 09/10
50%
Italy AS Roma 24/25
50%
Kazakhstan Astana 19/20
50%
England Aston Villa 23/24
50%
Austria Austria Wien 11/12
50%
Scotland Celtic FC 21/22
50%
England Crystal Palace 25/26
50%
Ukraine Dnipro 05/06
50%
Turkey Galatasaray 24/25
50%
England Ipswich Town FC 78/7980/81
50%
Italy Lazio Roma 22/23
50%
England Liverpool FC 81/82
50%
Israel Maccabi Tel Aviv 16/17
50%
England Newcastle United 06/07
50%
France Olympique Lyon 16/17
50%
Spain Real Betis 05/06
50%
Spain Real Sociedad 20/21
50%
Belgium Royal Antwerp 19/20
50%
Portugal SC Braga 06/07
50%
Ukraine Shakhtar Donetsk 04/0525/26
50%
Czech Republic Sparta Prague 25/26
50%
Portugal Sporting Lissabon 04/05
50%
Belgium Standard Liege 09/10
50%
England Tottenham Hotspurs 24/25
50%
Spain Valencia 11/12
50%
Spain Villarreal 04/05
50%
Germany 1. FC Nürnberg 07/08
0%
Norway Aalesunds 11/12
0%
Cyprus AEK Larnaca 25/26
0%
Greece AE Larissa 1964 07/08
0%
France AJ Auxerre 04/05
0%
Germany Alemannia Aachen 04/05
0%
Poland Amica Wronki 04/05
0%
Russia Anzhi 12/1313/14
0%
Cyprus Apollon Limassol 22/23
0%
Romania Astra Giurgiu 15/16
0%
Spain Atletic Bilbao 15/1624/25
0%
Greece Atromitos FC 13/14
0%
Belarus BATE Borisov 10/11
0%
Sweden BK Häcken 19/20
0%
Norway Brann Bergen 23/24
0%
Romania CFR Cluj 21/22
0%
Ukraine Dnipro-1 22/23
0%
Ireland Dundalk FC 16/17
0%
Scotland Dundee United 22/23
0%
Ukraine Dynamo Kiev 10/1120/21
0%
Sweden Elfsborg 24/25
0%
England Everton FC 07/08
0%
Kazakhstan FC Aktobe 10/11
0%
Germany FC Augsburg 15/16
0%
Armenia FC Noah 25/26
0%
Czech Republic FC Slovan Liberec 06/0713/14
0%
France FC Sochaux 80/81
0%
Turkey Fenerbahce SK 06/0724/25
0%
Hungary Ferencvaros 24/25
0%
Czech Republic FK Jablonec 11/1221/22
0%
Yugoslavia FK Radnicki Nis 80/81
0%
Portugal Gil Vincente 22/23
0%
Switzerland Grasshoppers 05/0606/07
0%
Austria Grazer AK 04/05
0%
Croatia HNK Rijeka 20/21
0%
Sweden IFK Göteborg 10/11
0%
Norway IK Start 81/82
0%
Finland Ilves Tampere 25/26
0%
Turkey Istanbul Basaksehir 15/16
0%
Poland Jagiellonia Bialystok 25/26
0%
Kazakhstan Kairat Almaty 18/19
0%
Kazakhstan Karagandy 13/14
0%
Turkey Kayserispor 06/07
0%
Kosovo KF Drita 25/26
0%
Russia Krylia Sovetov Samara 05/06
0%
Austria LASK Linz 19/20
0%
Poland Legia Warsaw 23/24
0%
Bulgaria Levski Sofia 25/26
0%
Bulgaria Levski-Spartak 80/81
0%
Ireland Limerick United 82/83
0%
Bulgaria Litex Lovetsj 05/06
0%
Bulgaria Ludogorets 24/25
0%
Israel Maccabi Haifa 13/14
0%
Ukraine Mariupol 19/20
0%
Ukraine Metalist Charkov 11/12
0%
England Middlesbrough FC 05/06
0%
Greece Olympiakos 09/10
0%
Portugal Pacos Ferreira 07/08
0%
Greece PAOK Saloniki 04/0513/14
0%
Serbia Partizan Belgrade 15/1619/20
0%
Greece PAS Giannina 16/17
0%
Denmark Randers FC 21/22
0%
Scotland Rangers FC 04/05
0%
Luxembourg Red Boys Differdange 77/7880/81
0%
Belgium RSC Anderlecht 11/1222/23
0%
Andorra Santa Coloma 23/24
0%
Spain Sevilla FC 06/07
0%
Ireland Shelbourne 25/26
0%
Moldova Sheriff Tiraspol 10/11
0%
Belgium SK Lokeren 80/81
0%
Portugal SL Benfica 13/14
0%
Slovakia Slovan Bratislava 25/26
0%
Bosnia Herzegovina Tuzla City 22/23
0%
Italy Udinese 11/12
0%
Czech Republic Victoria Plzen 20/21
0%
Serbia Vojvodina 16/17
0%
Germany Werder Bremen 06/07
0%
England West Ham United 22/23
0%
Russia Zenit Saint Petersburg 07/0816/17
0%
Bosnia Herzegovina Zrinjski Mostar 23/24
0%
No matching quizzes found
Score Distribution
Percent of People with Each Score
Percentile by Number Answered
Your Score History
You have not taken this quiz since the last reset